000 01110nam a2200241Ia 4500
003 Ost
005 20260507075733.0
008 260507s9999||||xx |||||||||||||| ||und||
020 _a9660936104
040 _cfsecg
041 _aara
082 _a512
100 _aعلام، أحمد عبد المنصف
_eمؤلف
245 0 _aأسس الجبر المجرد مع الحلول والتمارين /
_c أحمد عبد المنصف علام
250 _aطبعة 2
260 _aالمدينة المنورة:
_bمكتبة دار الزمان,
_c2002
300 _a408 صفحة؛
_bإيضاحات ؛
_c24 سم
504 _aببليوغرافيا: ص.399؛قائمة الرموز ص.400 قائمة المصطلحات ص.403
520 _aالمنطق الرياضي،المجموعات،العلاقات،الرواسم والعمليات الثنائية،الاستنتاج الرياضي،الزمرة،التشاكل والتماثل،الحلقات والحقول
653 _aالجبر
700 _aالعمري، ابراهيم بن رشدي
_eمؤلف ثانوي
942 _cكتاب
999 _c46058
_d46058